Michael Pena Movies - Statistics

General Stats
  • This quiz has been taken 4 times
  • The average score is 9 of 19
Answer Stats
Release Year Costars Movie % Correct
2013 Christian Bale, Jennifer Lawrence American Hustle
75%
2015 Paul Rudd, Michael Douglas Ant-Man
75%
2004 Sandra Bullock, Matt Dillon Crash
75%
2004 Hilary Swank, Clint Eastwood Million Dollar Baby
75%
2007 Mark Wahlberg, Danny Glover Shooter
75%
2014 Brad Pitt, Shia LaBeouf Fury
50%
2022 Halle Berry, Donald Sutherland Moonfall
50%
2017 Jackie Chan, Dave Franco The Lego Ninjago Movie
50%
2018 Clint Eastwood, Bradley Cooper The Mule
50%
2011 Ben Stiller, Eddie Murphy Tower Heist
50%
2006 Nicolas Cage, Maria Bello World Trade Center
50%
2018 Chris Hemsworth, Michael Shannon 12 Strong
25%
2001 Joaquin Phoenix, Anna Paquin Buffalo Soldiers
25%
2012 Jake Gyllenhaal, Anna Kendrick End of Watch
25%
2013 Ryan Gosling, Emma Stone Gangster Squad
25%
2009 Michael Shannon, Willem Dafoe My Son, My Son What Have Ye Done
25%
2011 Matthew McConaughey, Marisa Tomei The Lincoln Lawyer
25%
2015 Matt Damon, Jessica Chastain The Martian
25%
2013 Ryan Reynolds, Samuel L. Jackson Turbo
25%
No matching quizzes found
Score Distribution
Percent of People with Each Score
Percentile by Number Answered
Your Score History
You have not taken this quiz